000 00722nam a2200241 a 4500
999 _c3797
_d3797
003 ALUPE UNIVERSITY
005 20220210104636.0
008 880318s1988 enk 001 0 eng d
020 _a0632020539
040 _cALUPE UNIVERSITY
050 0 _aRC681
_b.T56 1988
092 _aD0000025819
100 1 _aTimmis, Adam D.
245 1 0 _aEssentials of cardiology /
_cA. Timmis
260 _aOxford :
_bBlackwell Scientific,
_c1988
300 _axi, 272 p. :
_bill. ;
_c24 cm
504 _aIncludes index
650 0 _aCardiology
942 _2lcc
_cBK
_nWO